00287nam a2200121Ia 45000030006000000080041000060400015000471000022000622450043000842600009001275460012001360050017001480STCL150530s9999 xx 000 0 und d aSTCLcSTCL aRamalingam Pillai aEnglish Malayalam Dictionary Vol-4 Q-Z c2002 aEnglish20220125165759.0